Facultad de Derecho – Universidad Nacional de Mar del Plata

La Discrecion en la Desiciones administrativas: Analisis critico de la legitimidad del Ejercito Brasileño sobre sus Agentes de las Facultades sancionatorias (Record no. 5327)

MARC details
000 -CABECERA
campo de control de longitud fija 00799nam a2200169 4500
008 - ELEMENTOS DE LONGITUD FIJA -- INFORMACION GENERAL
campo de control de longitud fija 230912b |||||||| |||| 00| 0 spa d
080 ## - NUMERO DE CLASIFICACION DECIMAL UNIVERSAL (CDU)
Número de la Clasificación Decimal Universal 35.07/ 077 Sa 59
100 ## - ASIENTO PRINCIPAL--NOMBRE PERSONAL
Código del relacionador Autor
Nombre personal Santos Soares, Ricardo Henrique
245 ## - MENCION DE TITULO
Título propiamente dicho La Discrecion en la Desiciones administrativas: Analisis critico de la legitimidad del Ejercito Brasileño sobre sus Agentes de las Facultades sancionatorias
300 ## - DESCRIPCION FISICA
Extensión 96 P.
500 ## - NOTA GENERAL
Nota general Director de tesis: Muniagurria, Paula Susana
502 ## - NOTA DE TESIS
Nota de tesis Tesis Doctoral -Universidad Nacional de Mar del Plata. Facultad de Derecho Departamento de Posgrado, ..., 2023.
504 ## - NOTA DE BIBLIOGRAFIA, ETC.
Nota de bibliografía, etc. Tiene Bibliografia: P. 99 a 106
650 ## - ASIENTO SECUNDARIO DE MATERIA - TERMINO TEMATICO
Fuente del encabezamiento o término Macro Tesauro de la UNESCO
Término temático o nombre geográfico como elemento de entrada derecho administrativo
-- discrecionalidad
-- legitimidad
-- legalidad
Subdivisión general derechos de los militares
945 ## - INFORMACION DE PROCESAMIENTO LOCAL
Responsable de carga/modificación Celeste Delía
Fecha de ingreso o modificación 2023-09-12
Holdings
Retirado Perdido Dañado No se presta Ubicación permanente Locación actual Estante o sala Fecha de adquisición Signatura topográfica Inventario Ultima fecha vista Tipo de item de Koha
        Bib. Derecho Bib. Derecho Biblioteca Graduados 12/09/2023 35.07/ 077 Sa 59 302010 12/09/2023 Tesis de posgrado

XHTML | CSS | ©Biblioteca Central - Dto. Tecnología de la Información - [ Con tecnología Koha ]